Complete the film title (Jennifer Lawrence) - Statistics

General Stats
  • This quiz has been taken 55 times
  • The average score is 8 of 12
Answer Stats
Film Title % Correct
The Hunger {Games}
98%
The Hunger Games: Catching {Fire}
90%
Don't Look {Up}
86%
House at the End of the {Street}
86%
Silver Linings {Playbook}
83%
X-Men: Days of Future {Past}
74%
Winter's {Bone}
71%
X-Men: First {Class}
69%
American {Hustle}
57%
Red {Sparrow}
57%
X-Men: {Apocalypse}
38%
Dark {Phoenix}
26%
No matching quizzes found
Score Distribution
Percent of People with Each Score
Percentile by Number Answered
Your Score History
You have not taken this quiz